| 000 | 01304nam a2200373 i 4500 | ||
|---|---|---|---|
| 001 | 11189 | ||
| 003 | KOSZ 005 | ||
| 005 | 20221021094502.0 | ||
| 008 | 080520s1963 pl a f 000 0 pol | ||
| 015 | _aPB 1964/1032 | ||
| 040 |
_aWA N _cWA N _dKOSZ 005/RW _dKOSZ 005/HR |
||
| 046 | _k1963 | ||
| 080 | _a621.74 | ||
| 080 | _a658.56 | ||
| 100 | 1 |
_aMarcinkowski, Jan _d(1926-2015) _eAutor |
|
| 245 | 1 | 0 |
_aKontrola produkcji w odlewni / _cJan Marcinkowski, Roman Krzeszewski. |
| 260 |
_aWarszawa : _bWydawnictwa Naukowo-Techniczne, _c1963. |
||
| 300 |
_a287, [1] s. : _bil. ; _c25 cm. |
||
| 336 |
_2rdacontent _aTekst _btxt |
||
| 337 |
_2rdamedia _aBez urządzenia pośredniczącego _bn |
||
| 338 |
_2rdacarrier _aWolumin _bnc |
||
| 380 | _aKsiążki | ||
| 388 | _a1901-2000 | ||
| 388 | _a1945-1989 | ||
| 504 | _aBibliogr. s. 284-[288]. | ||
| 521 | 8 | _aDla inżynierów i techników oraz studentów wyższych szkół technicznych. | |
| 650 | 4 | _aKontrola | |
| 650 | 4 | _aOdlewnictwo | |
| 658 | _aInżynieria i technika | ||
| 700 | 1 |
_aKrzeszewski, Roman _d(1922-2009) _eAutor |
|
| 710 | 2 |
_aWydawnictwa Naukowo-Techniczne _4pbl. |
|
| 856 |
_uhttp://koha.tu.koszalin.pl/cgi-bin/koha/opac-detail.pl?biblionumber=11189 _yKatalog online BPK |
||
| 942 |
_2UKD _cKS |
||
| 999 |
_c11189 _d11189 |
||